000 01170nam a22003611i 4500
001 bslw10058086
005 20240305165652.0
006 m o d
007 cr un ---uuuua
008 230610s2011 sp ob 000 0 spa d
020 _a9788413815121
035 _a38485
040 _aUtOrBLW
_beng
_erda
_cUtOrBLW
043 _ae-it---
050 4 _aKKH440
_b.R43 2011
082 0 4 _a340.1
_223
245 0 3 _aEl realismo jurídico genovés /
_cJordi Ferrer Beltrán, Giovanni B. Ratti (editores).
264 1 _aMadrid :
_bMarcial Pons,
_c2011.
300 _a1 online resource (236 pages)
336 _atext
_btxt
_2rdacontent
337 _acomputer
_bc
_2rdamedia
338 _aonline resource
_bcr
_2rdacarrier
490 1 _aColección Filosofía y derecho
504 _aIncludes bibliographical references.
650 0 _aLaw
_zItaly
_zGenoa
_xPhilosophy.
650 0 _aRealism.
650 0 _aJurisprudence
_zItaly
_zGenoa.
700 1 _aBeltrán Ferrer, Jordi,
_eeditor.
700 1 _aRatti, Giovanni B.,
_eeditor.
830 0 _aColección Filosofía y derecho (Madrid, Spain)
856 4 0 _uhttps://app.vlex.com/#/sources/38485
942 _cRAA
999 _c172824
_d172824